000 00867cam a2200205 4500
001 ABS62778
008 000000n2000 000 0 eng u
035 _a(Sirsi) u108015
100 _aFordham, R.
245 _aGuiding councils on assessing affordable housing need
260 _c2000
490 _aPlanning (for the Natural and Built Environment)
_v(1382) 18 August 2000, 10-11(2)
520 _aAssesses a DETR good practice guide on affordable housing. Concludes that the guide will make it much easier for councils to deal with affordable housing issues at planning inquiries and that it will help standardise the approach in assessing housing needs. Tables.
590 _aABS
650 _aPLANNING POLICY
650 _aSOCIAL HOUSING
650 _aHOUSING NEEDS
690 _aENVIRONMENTAL AND LAND CONSULTANCY-PLANNING AND DEVELOPMENT
942 _n0
999 _c64532
_d64532